|
|
|
|
| LEADER |
00000nam0a2200000 4500 |
| 001 |
302485 |
| 005 |
20231102001516.0 |
| 020 |
|
|
|a RU
|b 82-82909
|
| 035 |
|
|
|a (RuTPU)RU\TPU\book\327692
|
| 090 |
|
|
|a 302485
|
| 100 |
|
|
|a 20150824d1982 km y0rusy5003 ca
|
| 101 |
0 |
|
|a rus
|
| 102 |
|
|
|a RU
|
| 105 |
|
|
|a y z 000zy
|
| 200 |
1 |
|
|a Эффективность вложений в промышленность и строительство Башкирии
|e сборник статей
|f Академия наук СССР (АН СССР), Башкирский филиал (БФ) ; под ред. В. В. Шихова
|
| 210 |
|
|
|a Уфа
|c Изд-во БФАН СССР
|d 1982
|
| 215 |
|
|
|a 144 с.
|
| 606 |
1 |
|
|a Капитальные вложения в промышленность СССР
|x Экономическая эффективность
|2 stltpush
|3 (RuTPU)RU\TPU\subj\13807
|9 40369
|
| 610 |
1 |
|
|a Башкирия
|
| 610 |
1 |
|
|a строительство
|
| 610 |
1 |
|
|a фондоотдача
|
| 610 |
1 |
|
|a анализ
|
| 610 |
1 |
|
|a планирование
|
| 610 |
1 |
|
|a основные фонды
|
| 610 |
1 |
|
|a материальные ресурсы
|
| 610 |
1 |
|
|a технический уровень
|
| 610 |
1 |
|
|a интенсификация
|
| 610 |
1 |
|
|a материальные затраты
|
| 610 |
1 |
|
|a снижение
|
| 675 |
|
|
|a 658.152.011.46
|z rus
|v 3
|
| 702 |
|
1 |
|a Шихов
|b В. В.
|g Владимир Васильевич
|4 340
|
| 712 |
0 |
2 |
|a Академия наук СССР (АН СССР)
|b Башкирский филиал (БФ)
|c (Уфа)
|c (1951-1987)
|2 stltpush
|3 (RuTPU)RU\TPU\col\19293
|
| 801 |
|
0 |
|a RU
|b RuMRKP
|c 19950704
|g psbo
|
| 801 |
|
1 |
|a RU
|b 63413507
|c 20150824
|
| 801 |
|
2 |
|a RU
|b 63413507
|c 20190704
|g RCR
|
| 942 |
|
|
|c BK
|